000 00583nam a2200217Ia 4500
003 OSt
005 20250820141256.0
008 210210b1972 xxu||||| |||| 00| 0 eng d
040 _cAL
041 _aKannada
082 _aK894.2 PRAE
100 _aPrabhushankara
_956203
_d ಪ್ರಭುಶಂಕರ
245 _aEradu Natakagalu
_b: ಎರಡು ನಾಟಕಗಳು
260 _aBengaluru
_bM L Krashna
_c1972
300 _aiv,96p
650 _aAmrapali
_956204
650 _aAngulimala
_956206
690 _aKannada Drama
_956205
906 _a029411
942 _2ddc
_cBK
999 _c80631
_d80631